000 01027nam a2200301 a 4500
001 vtls000313642
003 NLI
005 20210602135542.0
008 101203s1958 enka 000 0 eng
020 _cRs. 25.00
039 9 _y201012032133
_zVLOAD
040 _aNLI
_beng
_cRetro_DSC 1
_eAACR2
041 1 _aeng
_hger
044 _aenk
082 0 4 _a914.731
100 1 _aHurlimann, Martin,
_d1897-1984
_9420597
245 1 0 _aMoscow and Leningrad :
_b78 pictures in photogravure, 9 colour plates and 9 line drawings /
_cMartin Hurlimann ; [translated from the German by Daphne Woodward]
260 _aLondon :
_bThames and Hudson,
_c1958
300 _a135 p. :
_bill. ;
_c26 cm.
651 0 _aMoscow (Russia)
_vPictorial works
_9482905
651 0 _aSaint Petersburg (Russia)
_vPictorial works
_9482906
700 1 _aWoodward, Daphne,
_4trl
_983223
887 _a
901 _a335071
_b17.10.1960
902 _aE/O 914.731 H 871
949 _AVIRTUAITEM
_D10000
_X100
_6PUR000335071ENG
942 _2ddc
_cBKS
999 _aVIRTUA40
_c270077
_d270077